000 00547 a2200205 4500
005 20240621130829.0
008 240621b |||||||| |||| 00| 0 eng d
020 _a9781786391698
_c£ 46.80
040 _aMAIN
082 _a338.4791
_bB675C(2)
100 _aBowen, David
245 _aContemporary tourist behaviour: Yourself and others as tourists
250 _a2nd
260 _bCABI
_c2022
_aUK
300 _ax, 265
650 _aTourism-Social Aspects
650 _aConsumer Behaviour
650 _aTourists-Psychology
942 _cBK
999 _c312835
_d312835